<?xml version="1.0" encoding="UTF-8"?>
<record
    xmlns:xsi="http://www.w3.org/2001/XMLSchema-instance"
    xsi:schemaLocation="http://www.loc.gov/MARC21/slim http://www.loc.gov/standards/marcxml/schema/MARC21slim.xsd"
    xmlns="http://www.loc.gov/MARC21/slim">

  <leader>02170nam a2200433 i 4500</leader>
  <datafield tag="999" ind1=" " ind2=" ">
    <subfield code="c">22673</subfield>
    <subfield code="d">22673</subfield>
  </datafield>
  <controlfield tag="001">C00601649</controlfield>
  <controlfield tag="003">OSt</controlfield>
  <controlfield tag="005">20230109104551.0</controlfield>
  <controlfield tag="007">ta</controlfield>
  <controlfield tag="008">211012s2020    pe a   gr     000 p und</controlfield>
  <datafield tag="017" ind1=" " ind2=" ">
    <subfield code="a">2020-09791</subfield>
  </datafield>
  <datafield tag="040" ind1=" " ind2=" ">
    <subfield code="a">pelibn </subfield>
    <subfield code="b">spa </subfield>
    <subfield code="e">rda </subfield>
    <subfield code="c">pelibn</subfield>
  </datafield>
  <datafield tag="041" ind1=" " ind2=" ">
    <subfield code="a">spa</subfield>
  </datafield>
  <datafield tag="082" ind1="1" ind2="4">
    <subfield code="a">869.5079/D10M</subfield>
  </datafield>
  <datafield tag="111" ind1="2" ind2=" ">
    <subfield code="a">Concurso Nacional de Poes&#xED;a  en Lenguas Ind&#xED;genas u Originarias Mi lengua, Mi patria</subfield>
    <subfield code="d"> : 2019 </subfield>
    <subfield code="c"> : Lima, Per&#xFA;)</subfield>
    <subfield code="9">48845</subfield>
  </datafield>
  <datafield tag="245" ind1="1" ind2="0">
    <subfield code="a">&#xA1;Mi lengua, mi patria! :</subfield>
    <subfield code="b">concurso nacional de poes&#xED;a en lenguas ind&#xED;genas u originarias /</subfield>
  </datafield>
  <datafield tag="250" ind1=" " ind2=" ">
    <subfield code="a">Primera edici&#xF3;n.</subfield>
  </datafield>
  <datafield tag="264" ind1="3" ind2="1">
    <subfield code="a">Lima : </subfield>
    <subfield code="b">Defensor&#xED;a del Pueblo, </subfield>
    <subfield code="c">2020.</subfield>
  </datafield>
  <datafield tag="264" ind1="3" ind2="3">
    <subfield code="a">Lima : </subfield>
    <subfield code="b">Corporaci&#xF3;n Gr&#xE1;fica Gama.</subfield>
  </datafield>
  <datafield tag="300" ind1=" " ind2=" ">
    <subfield code="a">194 p&#xE1;ginas :</subfield>
    <subfield code="b">retratos en color ;</subfield>
    <subfield code="c">24 cm.</subfield>
  </datafield>
  <datafield tag="336" ind1=" " ind2=" ">
    <subfield code="a">Texto </subfield>
    <subfield code="2">rdacontent</subfield>
  </datafield>
  <datafield tag="337" ind1=" " ind2=" ">
    <subfield code="a">sin mediaci&#xF3;n </subfield>
    <subfield code="2">rdamedia</subfield>
  </datafield>
  <datafield tag="338" ind1=" " ind2=" ">
    <subfield code="a">volumen </subfield>
    <subfield code="2">rdacarrier</subfield>
  </datafield>
  <datafield tag="500" ind1=" " ind2=" ">
    <subfield code="a">Re&#xFA;ne los poemas ganadores del concurso organizado por la Defensor&#xED;a del Pueblo, escritos en las lenguas originarias de los participantes, principalmente en lenguas amaz&#xF3;nicas como Achuar, Ash&#xE1;ninka, Awaj&#xFA;n, Bora, Kukama kukamiria, Matsigenka, Nomatsiguenga, Yine y Shipibo-Konibo, seguidos por las andinas Quechua y Aimara.</subfield>
  </datafield>
  <datafield tag="504" ind1=" " ind2=" ">
    <subfield code="a">Incluye referencias bibliogr&#xE1;ficas.</subfield>
  </datafield>
  <datafield tag="546" ind1=" " ind2=" ">
    <subfield code="a">Texto en lenguas ind&#xED;genas y su traducci&#xF3;n al espa&#xF1;ol.</subfield>
  </datafield>
  <datafield tag="650" ind1="1" ind2="8">
    <subfield code="a">Poes&#xED;a peruana</subfield>
    <subfield code="y">-Siglos XX-XXI</subfield>
    <subfield code="v">-Concursos.</subfield>
    <subfield code="9">48846</subfield>
  </datafield>
  <datafield tag="650" ind1="2" ind2="8">
    <subfield code="a">Poes&#xED;a peruana</subfield>
    <subfield code="y">-Siglos XX-XXI</subfield>
    <subfield code="v">-Colecciones.</subfield>
    <subfield code="9">48847</subfield>
  </datafield>
  <datafield tag="710" ind1="1" ind2=" ">
    <subfield code="a">Per&#xFA;. </subfield>
    <subfield code="b">Defensor&#xED;a del Pueblo.</subfield>
    <subfield code="9">48848</subfield>
  </datafield>
  <datafield tag="942" ind1=" " ind2=" ">
    <subfield code="2">ddc</subfield>
    <subfield code="c">LIBROS</subfield>
  </datafield>
  <datafield tag="952" ind1=" " ind2=" ">
    <subfield code="0">0</subfield>
    <subfield code="1">0</subfield>
    <subfield code="2">ddc</subfield>
    <subfield code="4">0</subfield>
    <subfield code="7">0</subfield>
    <subfield code="a">SH</subfield>
    <subfield code="b">SH</subfield>
    <subfield code="c">CART</subfield>
    <subfield code="d">2023-01-09</subfield>
    <subfield code="e">Donaci&#xF3;n</subfield>
    <subfield code="g">10.00</subfield>
    <subfield code="o">869.5079/D10M</subfield>
    <subfield code="p">SH0000016513</subfield>
    <subfield code="r">2023-01-09</subfield>
    <subfield code="w">2023-01-09</subfield>
    <subfield code="y">LIBROS</subfield>
  </datafield>
</record>
